Guess the song : Taylor Swift - Statistics

General Stats
  • This quiz has been taken 8 times
  • The average score is 168 of 321
Answer Stats
Answer % Correct
a
100%
and
100%
And
100%
I
100%
the
100%
you
100%
You
100%
to
83%
But
67%
do
67%
got
67%
had
67%
in
67%
look
67%
love
67%
on
67%
said
67%
that
67%
time
67%
was
67%
we
67%
were
67%
when
67%
where
67%
your
67%
all
50%
at
50%
back
50%
be
50%
fight
50%
first
50%
have
50%
I’ll
50%
I‘ll
50%
is
50%
kiss
50%
like
50%
looked
50%
me
50%
my
50%
never
50%
of
50%
oh,
50%
Oh,
50%
our
50%
so
50%
Take
50%
than
50%
their
50%
they
50%
too
50%
us
50%
very
50%
Well
50%
we’ll
50%
you’d
50%
you’ll
50%
about
33%
after
33%
A.M
33%
beat
33%
bigger
33%
cried
33%
daddies
33%
dared
33%
did,
33%
did
33%
down
33%
eighty
33%
eyes
33%
fall
33%
falling
33%
few
33%
front
33%
girl
33%
growing
33%
joke
33%
Just
33%
knee
33%
little
33%
mamas
33%
nine
33%
one
33%
porch
33%
pretty
33%
ran
33%
really
33%
rolled
33%
see
33%
seven
33%
She
33%
shine
33%
shined
33%
sky
33%
smiled
33%
stars
33%
still
33%
this
33%
tree
33%
tried
33%
truck
33%
two
33%
Two
33%
up
33%
used
33%
wasn’t
33%
we’d
33%
world
33%
around
17%
babies
17%
backyard
17%
believed
17%
block
17%
doors
17%
goodnight
17%
home
17%
kids
17%
kissing
17%
light
17%
lights
17%
met
17%
need
17%
riding
17%
rock
17%
sixteen
17%
slamming
17%
spot
17%
suddenly
17%
town
17%
wide
17%
ago
0%
beds
0%
came
0%
come
0%
creek
0%
favorite
0%
gone
0%
house
0%
instead
0%
many
0%
morning
0%
next
0%
outside
0%
sitting
0%
stayed
0%
till
0%
turned
0%
whole
0%
years
0%
No matching quizzes found
Score Distribution
Percent of People with Each Score
Percentile by Number Answered
Your Score History
You have not taken this quiz